Painters by Cake Quiz Stats

Quiz Updated Oct 31, 2015

Also try: Holidays by Cake
Challenge
Share
Tweet
Score 0/16 Timer 06:00
7 Plays Today
% Correct
Pablo Picasso
92.3%
Vincent Van Gogh
90.2%
Salvador Dalí
89.4%
Leonardo da Vinci
87.3%
Edvard Munch
86.6%
Andy Warhol
86.2%
Claude Monet
81.3%
Frida Kahlo
77%
% Correct
Jackson Pollock
71.6%
Sandro Botticelli
55.9%
Gustav Klimt
46.5%
Pierre-Auguste Renoir
43%
Banksy
41.8%
Piet Mondrian
41.6%
René Magritte
37.7%
Wassily Kandinsky
25.7%

You're not logged in!

Compare scores with friends on all Sporcle quizzes.
Sign Up with Email
OR
Log In

You Might Also Like...

Show Comments

Extras

Top Quizzes Today


Score Distribution

Your Account Isn't Verified!

In order to create a playlist on Sporcle, you need to verify the email address you used during registration. Go to your Sporcle Settings to finish the process.